00423nam a2200169Ia 4500003000400000005001700004008004100021020001800062040000700080041000800087082002400095100001900119245002900138260005600167300001700223365001300240OSt20230516092405.0210423s2008 xx 000 0 und d a9788190675703 cAL aeng a174.9574223b SATM aSATEESH (M K). aBioethics and biosafety. aNew DelhibI K International Publishing Housec2008 axxiv,796bPB b425cINR